000 00596nam a2200217Ia 4500
008 180523s9999 xx 000 0 und d
020 _a0-07-125134-0
050 _aMAIN T 11
050 _b.F56 2005
100 _aFinkelstein, Leo Jr.
245 0 _aPocket book of technical writing for engineers and scientists /
245 0 _cLeo Finkelstein, Jr.
250 _a2nd Edition
260 _aNew York :
260 _bMcGraw-Hill,
260 _c2005
300 _a362 pages :
300 _c21 cm.
500 _aIncludes index.
650 _aTechnical writing -- Handbooks, manuals, etc.
999 _c357683
_d357683